| 000 | 00993nam a2200277 i 4500 | ||
|---|---|---|---|
| 001 | 8227 | ||
| 003 | ES-MaACL | ||
| 005 | 20250809014622.0 | ||
| 007 | t| | ||
| 008 | 920310s1990 sp ||||1| spa d | ||
| 020 | _a84-309-1941-4 | ||
| 080 | _a348(02) | ||
| 080 | _a348.1/6(02) | ||
| 080 | _a348.7(02) | ||
| 100 | 1 |
_aVera Urbano, Francisco de Paula. _9113966 |
|
| 245 | 1 | 0 |
_aDerecho Eclesiástico I _b: cuestiones fundamentales de Derecho Canónico, Relaciones Estado-Iglesias y Derecho Eclesiástico del Estado / _cFrancisco de Paula Vera Urbano ; con la colaboración de Manuel López Aranda. |
| 260 |
_aMadrid : _bTecnos, _cD.L. 1990. |
||
| 300 |
_a372 p. ; _c24 cm. |
||
| 490 | 1 | _aBiblioteca universitaria | |
| 650 | 1 | 7 |
_aDerecho canónico _2embne _911655 |
| 650 | 1 | 7 |
_aDerecho eclesiástico _2embne _911703 |
| 700 | 1 |
_aLópez Aranda, Manuel. _973407 |
|
| 830 | 0 |
_aBiblioteca universitaria _9177461 |
|
| 852 |
_aES-MaACL _jL-15467 _bR.119972 |
||
| 999 |
_c8227 _d8227 |
||